• AIU
  • Tony Wilmot Memorial Library
Normal view MARC view

Entry Topical Term

Number of records used in: 1

001 - CONTROL NUMBER

  • control field: 20112

003 - CONTROL NUMBER IDENTIFIER

  • control field: OSt

005 - DATE AND TIME OF LATEST TRANSACTION

  • control field: 20130114154305.0

008 - FIXED-LENGTH DATA ELEMENTS

  • fixed length control field: 130114|||a|||||| | ||| d

040 ## - CATALOGING SOURCE

  • Original cataloging agency: OSt
  • Transcribing agency: OSt

600 ## -

  • : Sudanese
  • : United States
  • : Fiction.

670 ## - SOURCE DATA FOUND

  • Source citation: Work cat.: (OSt)0: Eggers, Dave. 20110, What is the what :, c2006.